000 01291nam0a22003011 4500
001 rc\2384618
005 20110829184934.4
035 _a(NLR Aleph) 006663711
090 _a4921607
_c4921607
100 _a20110829d1979 |||y0rusy50 ca
101 0 _arus
102 _aRU
105 _ay z |||||
200 1 _aНовое оборудование для ремонта и технического обслуживания сельскохозяйственной техники
_fЛепа В.Е., Лосина Н.С., Климчук А.Д. и др.
210 _aКиев
_cБ. и.
_d1979
215 _a14 с.
_d21
225 1 _aИнформация
_fУкрНИИ НТИ и техн.-экон. исслед. Госплана УССР
_iНовое в науке, технике и производстве
309 _aБез тит. л. и обл.
701 1 _aКлимчук
_bА. Д.
701 1 _aЛепа
_bВ. Е.
_gВиктор Ефимович
701 1 _aЛосина
_bН. С.
712 0 2 _aУкраинский НИИ науч.-техн. информации и техн.-экон. исследований
_cКиев
801 0 _aRU
_bNLR
_gpsbo
801 1 _aRU
_bELAR
_2rusmarc
852 _aNLR
_j79-4/20239
899 _aRuMoRGB
_jМ 79-18/237
942 _cBOOK
980 _aNB